Hogwarts - Lehrer - Statistiken

Allgemein
  • Dieses Quiz wurde 116 mal gespielt
  • Das Durchschnittsergebnis liegt bei 15 aus 29
Antwortstatistiken
Fach Anmerkung Name % Korrekt
Zaubertränke - Severus Snape
99%
Verteidigung gegen die dunklen Künste - Severus Snape
99%
Pflege magischer Geschöpfe - Rubeus Hagrid
88%
Verteidigung gegen die dunklen Künste - Remus Lupin
84%
Verteidigung gegen die dunklen Künste in Verkleidung Alastor "Mad-Eye" Moody
78%
Verteidigung gegen die dunklen Künste - Dolores Umbridge
73%
weitere Mitarbeiter Hausmeister Argus Filch
69%
Verwandlung - Minerva McGonagall
67%
Kräuterkunde - Pomona Sprout
65%
Verteidigung gegen die dunklen Künste - Gilderoy Lockhart
64%
Verteidigung gegen die dunklen Künste - Quirinus Quirrell
63%
Zauberkunst - Filius Flitwick
62%
Zaubertränke - Horace Slughorn
59%
Wahrsagen - Sybill Trelawney
57%
Flugstunden - Rolanda Hooch
56%
Studien über antike Magie wird in Phantastische Tierwesen: Grindelwalds Verbrechen erwähnt Albus Dumbledore
54%
weitere Mitarbeiter Leiterin der Krankenstation Poppy Pomfrey
49%
Kräuterkunde erwähnt in Heiligtümer des Todes als zukünftiger Lehrer Neville Longbottom
44%
Wahrsagen Zentaur Firenze
41%
Muggelkunde nur während Voldemorts Kontrolle über Hogwarts Alecto Carrow
35%
Verteidigung gegen die dunklen Künste nur während Voldemorts Kontrolle über Hogwarts Amycus Carrow
35%
Geschichte der Zauberei Geist Cuthbert Binns
32%
Pflege magischer Geschöpfe Vertretung Wilhelmina Raue-Pritsche
32%
Astronomie - Aurora Sinistra
19%
weitere Mitarbeiter Bibliothekarin Irma Pince
14%
Arithmantik - Septima Vector
14%
Pflege magischer Geschöpfe - Silvanus Kesselbrand
12%
Muggelkunde - Charity Burbage
9%
Alte Runen - Bathsheda Babbling
7%
Keine übereinstimmenden Quizze gefunden
Verteilung der Resultate
Anzahl Personen mit jedem Resultat
Perzentil nach korrekt beantworteten Fragen
Ihre Resultats-Entwicklung
Sie haben dieses Quiz noch nicht gespielt